[Event "RUS-chT Men Rapid 2019"]
[Site "Sochi"]
[Date "2019.10.18"]
[Round "3.3"]
[White "Faizrakhmanov, Ramil"]
[Black "Savchenko, Boris"]
[Result "1/2-1/2"]
[WhiteElo "2434"]
[BlackElo "2581"]
[Annotator "ChessBase"]
[PlyCount "117"]
[EventDate "2019.10.18"]
[EventType "swiss"]
[EventCountry "RUS"]
[SourceTitle "playchess.com"]
[Source "ChessBase"]
[SourceQuality "1"]
[TimeControl "900+10"]

1. d4 {[%emt 0:00:00]} Nf6 {[%emt 0:00:00]} 2. c4 {[%emt 0:00:00]} g6 {[%emt 0:00:00]} 3. Nf3 {[%emt 0:00:00]} Bg7 {[%emt 0:00:00]} 4. e3 {[%emt 0:00:06]} c5 {[%emt 0:00:16]} 5. Be2 {[%emt 0:00:09]} cxd4 {[%emt 0:00:04]} 6. exd4 {[%emt 0:00:27]} d5 {[%emt 0:00:03]} 7. O-O {[%emt 0:00:06]} Nc6 {[%emt 0:00:46]} 8. Nc3 {[%emt 0:00:08]} O-O {[%emt 0:00:11]} 9. h3 {[%emt 0:01:09]} b6 {[%emt 0:00:25]} 10. Ne5 {[%emt 0:01:03]} Bb7 {[%emt 0:00:54]} 11. Bf3 {[%emt 0:01:00]} Na5 {[%emt 0:00:04]} 12. Re1 {[%emt 0:02:33]} Rc8 {[%emt 0:00:49]} 13. cxd5 {[%emt 0:01:56]} Nxd5 {[%emt 0:00:27]} 14. Nxd5 {[%emt 0:00:10]} Bxd5 {[%emt 0:00:03]} 15. Bg4 {[%emt 0:02:35]} e6 {[%emt 0:00:22]} 16. Bd2 {[%emt 0:00:07]} Nc4 {[%emt 0:00:41]} 17. Bc3 {[%emt 0:00:04]} Qe7 {[%emt 0:00:48]} 18. Bf3 {[%emt 0:01:18]} Qb7 {[%emt 0:00:34]} 19. Bxd5 {[%emt 0:00:35]} Qxd5 {[%emt 0:00:04]} 20. Qg4 {[%emt 0:00:14]} Nd6 {[%emt 0:02:01]} 21. a4 {[%emt 0:01:13]} Rc7 {[%emt 0:00:38]} 22. Rad1 {[%emt 0:01:39]} Nf5 {[%emt 0:00:22]} 23. Qf4 {[%emt 0:00:40]} Rfc8 {[%emt 0:01:02]} 24. Ng4 {[%emt 0:00:32]} Rc4 {[%emt 0:00:27]} 25. Ne3 {[%emt 0:00:47]} Nxe3 {[%emt 0:00:04]} 26. fxe3 {[%emt 0:00:01]} Rxa4 {[%emt 0:00:07]} 27. Rf1 {[%emt 0:00:05]} e5 {[%emt 0:00:32]} 28. dxe5 {[%emt 0:00:21]} Rxf4 {[%emt 0:00:51]} 29. Rxd5 {[%emt 0:00:01]} Rxf1+ {[%emt 0:00:03]} 30. Kxf1 {[%emt 0:00:01]} Bf8 {[%emt 0:00:01]} 31. Rd7 {[%emt 0:00:05]} a5 {[%emt 0:00:02]} 32. Rb7 {[%emt 0:00:08]} Bc5 {[%emt 0:02:48]} 33. Ke2 {[%emt 0:00:01]} Re8 {[%emt 0:00:18]} 34. Bd4 {[%emt 0:00:07]} a4 {[%emt 0:01:04]} 35. Kd3 {[%emt 0:00:49]} Ra8 {[%emt 0:00:11]} 36. Ke4 {[%emt 0:00:31]} h5 {[%emt 0:01:49]} 37. g4 {[%emt 0:00:01]} hxg4 {[%emt 0:00:17]} 38. hxg4 {[%emt 0:00:01]} Kf8 {[%emt 0:00:14]} 39. Bxc5+ {[%emt 0:00:34]} bxc5 {[%emt 0:00:01]} 40. Rb5 {[%emt 0:00:01]} c4 {[%emt 0:00:10]} 41. Kd4 {[%emt 0:00:01]} a3 {[%emt 0:00:09]} 42. bxa3 {[%emt 0:00:01]} Rxa3 {[%emt 0:00:01]} 43. Rc5 {[%emt 0:00:08]} Rd3+ {[%emt 0:00:04]} 44. Ke4 {[%emt 0:00:01]} Rc3 {[%emt 0:00:01]} 45. Rc7 {[%emt 0:00:20]} g5 {[%emt 0:00:18]} 46. Kf5 {[%emt 0:00:16]} Rxe3 {[%emt 0:00:03]} 47. Rxc4 {[%emt 0:00:02]} Kg7 {[%emt 0:00:03]} 48. Rc5 {[%emt 0:00:18]} Re2 {[%emt 0:00:02]} 49. Rd5 {[%emt 0:00:22]} Re1 {[%emt 0:00:02]} 50. Rd7 {[%emt 0:00:09]} Re2 {[%emt 0:00:03]} 51. Re7 {[%emt 0:00:09]} Re1 {[%emt 0:00:02]} 52. Rc7 {[%emt 0:00:06]} Re2 {[%emt 0:00:01]} 53. Rc4 {[%emt 0:00:02]} Re1 {[%emt 0:01:38]} 54. Re4 {[%emt 0:00:04]} Rxe4 {[%emt 0:00:16]} 55. Kxe4 {[%emt 0:00:02]} Kf8 {[%emt 0:00:01]} 56. Kf5 {[%emt 0:00:21]} Ke7 {[%emt 0:00:01]} 57. Kxg5 {[%emt 0:00:02]} Ke6 {[%emt 0:00:01]} 58. Kf4 {[%emt 0:00:03]} f6 {[%emt 0:00:02]} 59. exf6 {Ke5+ Ke4+} 1/2-1/2

[Event "RUS-chT Men Rapid 2019"]
[Site "Sochi"]
[Date "2019.10.18"]
[Round "3.4"]
[White "Popov, Ivan"]
[Black "Samusenko, Maksim"]
[Result "1-0"]
[WhiteElo "2611"]
[BlackElo "2445"]
[Annotator "TA"]
[PlyCount "65"]
[EventDate "2019.10.18"]
[EventType "swiss"]
[EventCountry "RUS"]
[SourceTitle "playchess.com"]
[Source "ChessBase"]
[SourceQuality "1"]

{[%evp 9,64,56,45,15,41,22,42,32,59,33,133,13,143,118,179,53,45,59,71,24,154,169,131,158,226,200,235,0,26,0,25,25,77,70,97,82,153,192,144,89,153,147,151,92,172,100,95,93,91,83,239,228,237,232,660,685,29999]} 1. e4 d5 2. exd5 Nf6 3. d4 Bg4 4. f3 Bf5 5. g4 (5. c4 e6 6. dxe6 Nc6 7. exf7+ Kxf7 8. Be3 Bb4+ 9. Kf2 Re8 10. Nc3 Rxe3 11. Kxe3 Nxd4 12. Kf2 Bc5 13. Na4 Bc2 14. Nxc5 Bxd1 15. Rxd1 {0-1 (25) Vaibhav,S (2542)-Carlsen,M (2834) chess.com INT 2018}) 5... Bg6 6. Bb5+ {B01: Scandinavian Defence} Nbd7 7. c4 e6 8. Nc3 {White is slightly better.} a6 $146 ({Predecessor:} 8... exd5 9. g5 c6 10. gxf6 Qxf6 11. Qe2+ Be7 12. h4 Qxd4 13. Be3 Qe5 14. f4 Qf6 {½-½ (27) Conde Poderoso,A (2342)-Andersen,J (2303) ICCF email 2015}) 9. Ba4 b5 (9... exd5 $14 10. g5 Nh5) 10. cxb5 (10. dxe6 $16 bxa4 11. exd7+ Qxd7 12. h4 (12. Qxa4 Qxa4 13. Nxa4 Nxg4 $14)) 10... Bd6 (10... Nxd5 $11 {remains equal.} 11. Nxd5 exd5) 11. h4 {And now h5 would win.} h6 (11... h5 $16 {is a better defense.}) 12. Nge2 (12. h5 $18 Bh7 13. dxe6 fxe6 14. g5 hxg5 15. Bxg5) 12... Nxd5 $14 13. Nxd5 exd5 14. Bf4 (14. Kf2 {keeps more tension.} O-O 15. bxa6 Rxa6 16. g5 hxg5 17. hxg5 Qe7 18. Bc2) 14... O-O (14... Bxf4 $11 {keeps the balance.} 15. Nxf4 O-O) 15. Bxd6 $16 cxd6 16. bxa6 $1 Nb6 (16... h5 $16) 17. Bb5 $1 $18 Nc4 18. Bxc4 $2 (18. Kf2 $18) 18... dxc4 $11 19. Nf4 Re8+ 20. Kf2 Qb6 (20... Rxa6 $11 21. h5 (21. Nxg6 fxg6 22. Kg2 d5 $15) 21... Bh7) 21. Qd2 $16 Rab8 22. Rhe1 Qxa6 (22... Rxe1 $142 23. Rxe1 Qxa6) 23. Rxe8+ Rxe8 24. a3 ({White should try} 24. a4) 24... Qb6 {[#]} (24... Qa7 $142) 25. Re1 $1 {[%cal Re1e8]} Rb8 {[#]} 26. Re2 ({Better is} 26. h5 $1 {[%cal Rh5g6]} Bd3 27. Nxd3 cxd3 28. Qxd3) 26... Bh7 (26... h5 $16) 27. Qe3 (27. Nd5 $18 Qd8 28. Ne7+ Kh8 29. Kg3) 27... Qd8 28. Kg3 Kf8 29. d5 g5 $2 (29... Rb3 $16 {was called for.} 30. Qd4 Bd3) 30. hxg5 $40 {[%mdl 128] White wants a kill.} hxg5 31. Nh5 {White threatens Qd4 and mate.} Bg6 $2 (31... Bd3 32. Re1 Rxb2) 32. Qd4 $18 {[%cal Rd4h8]} Kg8 33. Qg7# {Accuracy: White = 49%, Black = 10%.} 1-0

[Event "RUS-chT Men Rapid 2019"]
[Site "Sochi"]
[Date "2019.10.18"]
[Round "3.5"]
[White "Bocharov, Dmitry"]
[Black "Ponkratov, Pavel"]
[Result "1/2-1/2"]
[WhiteElo "2519"]
[BlackElo "2621"]
[Annotator "TA"]
[PlyCount "69"]
[EventDate "2019.10.18"]
[EventType "swiss"]
[EventCountry "RUS"]
[SourceTitle "playchess.com"]
[Source "ChessBase"]
[SourceQuality "1"]

{[%evp 10,69,24,16,19,19,36,21,32,20,32,18,20,25,41,13,20,18,18,26,25,0,52,25,41,6,52,16,23,16,22,20,60,82,65,77,68,20,102,77,79,85,79,16,16,26,18,18,23,15,19,20,20,20,16,3,4,4,6,6,6,6]} 1. Nf3 Nf6 2. g3 b5 3. Bg2 Bb7 4. O-O e6 5. b3 Be7 6. c4 b4 {A05: Réti Opening: 1 Nf3 Nf6} 7. d4 c5 8. a3 cxd4 $146 ({Predecessor:} 8... a5 9. d5 exd5 10. Nh4 O-O 11. cxd5 d6 12. Nf5 Re8 13. Bb2 Bf8 {1-0 (42) Yurtseven,M (2339)-Neverov,V (2501) Mersin 2016}) 9. axb4 Bxb4 10. Ba3 Bxa3 11. Nxa3 {[%cal Bb1a3,Ba3b5,Bb5d6][%mdl 32]} O-O 12. Qxd4 Nc6 13. Qb2 Qb6 14. Nb5 Rab8 15. Rfd1 a6 (15... Ne4 $11 16. e3 a6) 16. Nd6 $1 $14 Ba8 17. e3 h6 18. Ra3 Nb4 19. Qd4 Qc7 {[#] ...Nc2 is the strong threat.} 20. Ra4 Bc6 21. Qc5 $1 Qb6 22. Qxb6 Rxb6 23. Ra5 (23. c5 $5 {[%cal Rc5b6]} Rbb8 24. Raa1 $14) 23... Ba8 (23... Nc2 $11 {remains equal.}) 24. Ne5 Bxg2 25. Kxg2 Nc6 26. c5 ({White should play} 26. Nxc6 $16 dxc6 27. Rd3) 26... Rxb3 $11 27. Nxc6 dxc6 28. Rxa6 Rb2 29. Kf3 Nd7 {The position is equal.} 30. Nc4 {[%mdl 64] [#] Discovered Attack} Nxc5 {Strongly threatening ...Rb4.} 31. Rxc6 Rb5 32. Rc7 Na6 33. Ra7 Rc5 34. Nb6 Nb8 35. Nd7 {Accuracy: White = 45%, Black = 62%.} 1/2-1/2

[Event "RUS-chT Men Rapid 2019"]
[Site "Sochi"]
[Date "2019.10.18"]
[Round "3.6"]
[White "Lysyj, Igor"]
[Black "Yuffa, Daniil"]
[Result "0-1"]
[WhiteElo "2596"]
[BlackElo "2577"]
[Annotator "ChessBase"]
[PlyCount "132"]
[EventDate "2019.10.18"]
[EventType "swiss"]
[EventCountry "RUS"]
[SourceTitle "playchess.com"]
[Source "ChessBase"]
[SourceQuality "1"]
[TimeControl "900+10"]

1. d4 {[%emt 0:00:00]} Nf6 {[%emt 0:00:00]} 2. c4 {[%emt 0:00:00]} g6 {[%emt 0:00:23]} 3. Nc3 {[%emt 0:00:00]} Bg7 {[%emt 0:00:01]} 4. e4 {[%emt 0:00:00]} d6 {[%emt 0:00:01]} 5. Be2 {[%emt 0:00:00]} O-O {[%emt 0:00:05]} 6. Nf3 {[%emt 0:00:01]} e5 {[%emt 0:00:10]} 7. O-O {[%emt 0:00:03]} Nc6 {[%emt 0:00:02]} 8. d5 {[%emt 0:00:01]} Ne7 {[%emt 0:00:02]} 9. Bg5 {[%emt 0:00:03]} h6 {[%emt 0:00:24]} 10. Bd2 {[%emt 0:00:03]} a5 {[%emt 0:01:15]} 11. Rc1 {[%emt 0:00:23]} Nd7 {[%emt 0:00:22]} 12. Qc2 {[%emt 0:00:13]} Nc5 {[%emt 0:01:08]} 13. Be3 {[%emt 0:00:51]} Bd7 {[%emt 0:01:22]} 14. Qd2 {[%emt 0:04:23]} Kh7 {[%emt 0:00:28]} 15. Bxc5 {[%emt 0:00:03]} dxc5 {[%emt 0:00:02]} 16. Ne1 {[%emt 0:00:05]} b6 {[%emt 0:03:34]} 17. Nd3 {[%emt 0:00:25]} Nc8 {[%emt 0:00:54]} 18. f4 {[%emt 0:00:31]} exf4 {[%emt 0:00:52]} 19. Qxf4 {[%emt 0:00:20]} f6 {[%emt 0:02:53]} 20. Qg3 {[%emt 0:00:53]} Nd6 {[%emt 0:00:31]} 21. Nf4 {[%emt 0:00:19]} Qe8 {[%emt 0:00:15]} 22. Bd3 {[%emt 0:00:03]} f5 {[%emt 0:00:19]} 23. exf5 {[%emt 0:01:31]} Nxf5 {[%emt 0:00:32]} 24. Qxg6+ {[%emt 0:03:23]} Qxg6 {[%emt 0:00:07]} 25. Nxg6 {[%emt 0:00:01]} Bd4+ {[%emt 0:00:37]} 26. Kh1 {[%emt 0:00:02]} Kxg6 {[%emt 0:00:03]} 27. g4 {[%emt 0:00:04]} Bxc3 {[%emt 0:01:02]} 28. Rxc3 {[%emt 0:03:28]} Rae8 {[%emt 0:00:01]} 29. Bb1 {[%emt 0:00:58]} Re2 {[%emt 0:01:11]} 30. gxf5+ {[%emt 0:00:09]} Kf6 {[%emt 0:00:09]} 31. b3 {[%emt 0:00:41]} Rg8 {[%emt 0:00:24]} 32. Rh3 {[%emt 0:00:02]} Rh8 {[%emt 0:00:23]} 33. Rg3 {[%emt 0:00:30]} Be8 {[%emt 0:00:00]} 34. Rg2 {[%emt 0:00:12]} Re3 {[%emt 0:00:06]} 35. Kg1 {[%emt 0:00:09]} Bh5 {[%emt 0:00:16]} 36. Bc2 {[%emt 0:00:14]} Rhe8 {[%emt 0:00:24]} 37. a4 {[%emt 0:00:02]} Rc3 {[%emt 0:00:22]} 38. Rff2 {[%emt 0:00:43]} Re1+ {[%emt 0:00:07]} 39. Rf1 {[%emt 0:00:01]} Re2 {[%emt 0:00:14]} 40. Bd1 {[%emt 0:00:37]} Rxg2+ {[%emt 0:00:12]} 41. Kxg2 {[%emt 0:00:00]} Bxd1 {[%emt 0:00:09]} 42. Rxd1 {[%emt 0:00:02]} Rxb3 {[%emt 0:00:03]} 43. d6 {[%emt 0:00:00]} cxd6 {[%emt 0:00:03]} 44. Rxd6+ {[%emt 0:00:01]} Kxf5 {[%emt 0:00:02]} 45. Rxh6 {[%emt 0:00:00]} Rb4 {[%emt 0:00:13]} 46. Kf3 {[%emt 0:00:04]} Rxa4 {[%emt 0:00:13]} 47. Rxb6 {[%emt 0:00:01]} Rxc4 {[%emt 0:00:02]} 48. Ke3 {[%emt 0:00:08]} Ke5 {[%emt 0:00:17]} 49. Kd3 {[%emt 0:00:05]} Kd5 {[%emt 0:00:09]} 50. Ra6 {[%emt 0:00:08]} a4 {[%emt 0:00:08]} 51. Ra8 {[%emt 0:00:06]} Rd4+ {[%emt 0:00:14]} 52. Kc3 {[%emt 0:00:05]} Rc4+ {[%emt 0:00:02]} 53. Kd3 {[%emt 0:00:03]} Rh4 {[%emt 0:00:06]} 54. Rd8+ {[%emt 0:00:22]} Kc6 {[%emt 0:00:01]} 55. Rc8+ {[%emt 0:00:02]} Kb5 {[%emt 0:00:04]} 56. Rb8+ {[%emt 0:00:05]} Ka5 {[%emt 0:00:01]} 57. h3 {[%emt 0:01:05]} a3 {[%emt 0:00:27]} 58. Kc3 {[%emt 0:00:08]} Rxh3+ {[%emt 0:00:17]} 59. Kc4 {[%emt 0:00:03]} Rh4+ {[%emt 0:00:05]} 60. Kc3 {[%emt 0:00:39]} Ra4 {[%emt 0:00:50]} 61. Ra8+ {[%emt 0:00:13]} Kb5 {[%emt 0:00:01]} 62. Rb8+ {[%emt 0:00:01]} Kc6 {[%emt 0:00:03]} 63. Rb1 {[%emt 0:00:03]} a2 {[%emt 0:00:12]} 64. Ra1 {[%emt 0:00:02]} Kb5 {[%emt 0:00:13]} 65. Kb3 {[%emt 0:00:04]} c4+ {[%emt 0:00:06]} 66. Kb2 {[%emt 0:00:01]} Kb4 {[%emt 0:00:02]} 0-1

[Event "RUS-chT Men Rapid 2019"]
[Site "Sochi"]
[Date "2019.10.18"]
[Round "3.7"]
[White "Morozevich, Alexander"]
[Black "Gutenev, Alexander"]
[Result "1/2-1/2"]
[WhiteElo "2659"]
[BlackElo "2469"]
[Annotator "RC"]
[PlyCount "55"]
[EventDate "2019.10.18"]
[EventType "swiss"]
[EventCountry "RUS"]
[SourceTitle "playchess.com"]
[Source "ChessBase"]
[SourceQuality "1"]
[TimeControl "900+10"]

1. e4 {[%emt 0:00:06]} c5 {[%emt 0:00:00]} 2. Nf3 {[%emt 0:00:11]} Nc6 {[%emt 0:00:00]} 3. d4 {[%emt 0:00:07]} cxd4 {[%emt 0:00:00]} 4. Nxd4 {[%emt 0:00:01]} Nf6 {[%emt 0:00:00]} 5. Nc3 {[%emt 0:00:01]} d6 {[%emt 0:00:00]} 6. Bc4 {[%emt 0:00:32]} e6 {[%emt 0:00:09]} 7. Be3 {[%emt 0:00:03]} a6 {[%emt 0:00:08]} 8. Bb3 {[%emt 0:00:04]} Qc7 {[%emt 0:00:26]} 9. f4 {[%emt 0:01:51]} Na5 {[%emt 0:01:26]} 10. f5 {[%emt 0:05:35]} Nxb3 11. axb3 {[%emt 0:00:50]} Be7 {[%emt 0:01:50]} 12. g4 {[%emt 0:00:51]} d5 {[%emt 0:04:16]} 13. exd5 {[%emt 0:00:12]} Qe5 {[%emt 0:00:35]} 14. Qe2 {[%emt 0:03:09]} Nxg4 {[%emt 0:00:26]} 15. Qxg4 {[%emt 0:01:30]} Qxe3+ {[%emt 0:00:04]} 16. Nde2 {[%emt 0:00:01]} O-O {[%emt 0:04:47]} 17. fxe6 {[%emt 0:00:01]} fxe6 {[%emt 0:00:10]} 18. Qd4 {[%emt 0:00:01]} Qxd4 {[%emt 0:00:22]} 19. Nxd4 {[%emt 0:00:01]} Bh4+ {[%emt 0:00:11]} 20. Ke2 {[%emt 0:00:22]} Rf2+ {[%emt 0:01:08]} 21. Ke3 {[%emt 0:00:16]} exd5 {[%emt 0:01:17]} 22. Raf1 {[%emt 0:00:50]} Rxf1 {[%emt 0:00:07]} 23. Rxf1 {[%emt 0:00:01]} Bh3 {[%emt 0:00:04]} 24. Rf3 {[%emt 0:00:48]} Bg4 {[%emt 0:00:17]} 25. Rf1 {[%emt 0:00:07]} Bh3 {[%emt 0:00:02]} 26. Rf3 {[%emt 0:00:00]} Bg4 {[%emt 0:00:23]} 27. Rf1 {[%emt 0:00:01]} Bh3 {[%emt 0:00:21]} 28. Ra1 1/2-1/2

[Event "RUS-chT Men Rapid 2019"]
[Site "Sochi"]
[Date "2019.10.18"]
[Round "3.8"]
[White "Remizov, Yaroslav"]
[Black "Khismatullin, Denis"]
[Result "0-1"]
[WhiteElo "2394"]
[BlackElo "2611"]
[Annotator "TA"]
[PlyCount "122"]
[EventDate "2019.10.18"]
[EventType "swiss"]
[EventCountry "RUS"]
[SourceTitle "playchess.com"]
[Source "ChessBase"]
[SourceQuality "1"]

{[%evp 19,122,32,22,24,25,33,25,27,18,24,36,10,110,110,110,116,106,109,109,114,104,53,53,54,53,53,53,59,60,60,55,48,47,0,27,-50,-50,-71,-62,-70,-51,-54,-56,-51,-48,-45,-49,-54,-51,-54,-54,-54,-54,-54,-54,-68,-38,-55,-55,-55,-54,-54,-54,-54,-54,-54,-54,-54,-54,-54,-54,-54,-54,-63,-14,-14,-14,-42,-42,-91,-91,-91,-37,-67,-67,-63,-70,-102,-97,-247,-224,-228,-127,-367,-320,-509,-438,-828,-828,-1044,-813,-813,-799,-29985,-29986]} 1. e4 c5 2. Nf3 d6 3. d4 cxd4 4. Nxd4 Nf6 5. Nc3 a6 6. Be3 e5 7. Nb3 Be6 8. f3 Nbd7 9. g4 Nb6 10. g5 Nh5 11. Qd2 {B90: Sicilian Najdorf: Unusual White 6th moves, 6 Be3 Ng4 and 6 Be3 e5} Be7 12. O-O-O O-O 13. Rg1 {White has an edge.} Rc8 14. Kb1 g6 15. Qf2 {[#]} Rxc3 $146 (15... Nc4 $11 {remains equal.}) ({Predecessor:} 15... Nc4 16. Bxc4 Rxc4 17. Nd5 Bxd5 18. Rxd5 b5 {1-0 (42) Ding,L (2783)-Ponomariov,R (2712) Khanty-Mansiysk 2017}) 16. Bxb6 $16 ({Of course not} 16. bxc3 Na4 $15) 16... Rc7 17. Nc5 Qc8 18. Bxc7 Qxc7 19. Nxe6 fxe6 20. Bh3 (20. h4 $16) 20... Nf4 $14 21. Bg4 Bxg5 22. h4 Be7 23. h5 $1 g5 24. Qe3 b5 25. Qb3 Kf7 26. Bf5 h6 27. Rg4 (27. Rge1 $11) 27... Qc4 $15 28. Qxc4 bxc4 29. Rxf4 $1 exf4 {[%mdl 4096] Endgame KRB-KRB} (29... gxf4 {feels hotter.} 30. Bg6+ Kf6 31. c3 a5 32. Rg1 Rh8) 30. Bh3 Rc8 31. c3 Rc6 32. Kc2 Bf6 33. Bg4 Be5 34. Bh3 Ke7 35. Bg4 Rc5 36. Bh3 Bf6 37. Bg4 Re5 38. Kd2 Ra5 39. a3 Be5 40. Kc2 Rb5 41. Bh3 Rb6 42. Bf1 Rc6 43. Bh3 Rc7 44. Bg4 Rc5 45. Bh3 Rb5 46. Bg4 d5 47. exd5 exd5 48. Bf5 Kd6 49. Bg6 Ke6 50. Re1 Kf6 (50... Rb7 $17) 51. Be8 Rb6 52. Bd7 d4 {[#] Hoping for ...d3+.} 53. cxd4 Bxd4 54. Rb1 (54. Re4 $17 Bxb2 55. a4) 54... Rb7 55. Bh3 Re7 (55... Rb3 $19 56. Bg4 Ke5 57. Re1+ Kd5) 56. Kd2 $2 (56. Rd1 $17 Re2+ 57. Rd2 Rxd2+ 58. Kxd2) 56... Re3 $19 57. Bg4 {[#]} (57. Bf1 {was necessary.}) 57... Bxb2 $1 {[%mdl 512]} 58. a4 (58. Rd1 $142 Ke5 59. Kc2) (58. Rxb2 c3+) 58... c3+ 59. Kd1 a5 60. Kc2 Re2+ 61. Kd3 Rd2+ {Accuracy: White = 45%, Black = 67%.} 0-1

[Event "RUS-chT Men Rapid 2019"]
[Site "Sochi"]
[Date "2019.10.18"]
[Round "3.9"]
[White "Zakhartsov, Vladimir"]
[Black "Goryachkina, Aleksandra"]
[Result "0-1"]
[WhiteElo "2514"]
[BlackElo "2575"]
[Annotator "ChessBase"]
[PlyCount "82"]
[EventDate "2019.10.18"]
[EventType "swiss"]
[EventCountry "RUS"]
[SourceTitle "playchess.com"]
[Source "ChessBase"]
[SourceQuality "1"]
[TimeControl "900+10"]

1. d4 {[%emt 0:00:00]} Nf6 {[%emt 0:00:00]} 2. c4 {[%emt 0:00:00]} e6 {[%emt 0:00:00]} 3. Nf3 {[%emt 0:00:00]} d5 {[%emt 0:00:00]} 4. g3 {[%emt 0:00:06]} Bb4+ {[%emt 0:00:23]} 5. Bd2 {[%emt 0:00:17]} Be7 {[%emt 0:00:03]} 6. Bg2 {[%emt 0:00:10]} O-O {[%emt 0:00:04]} 7. O-O {[%emt 0:00:23]} Nbd7 {[%emt 0:00:05]} 8. Qc2 {[%emt 0:00:14]} c6 {[%emt 0:00:07]} 9. b3 {[%emt 0:01:12]} b6 {[%emt 0:00:53]} 10. Bf4 {[%emt 0:01:18]} Bb7 {[%emt 0:00:37]} 11. Nc3 {[%emt 0:00:16]} Nh5 {[%emt 0:01:18]} 12. Bc1 {[%emt 0:00:21]} Nhf6 {[%emt 0:00:12]} 13. Rd1 {[%emt 0:00:18]} Rc8 {[%emt 0:00:59]} 14. Bb2 {[%emt 0:00:48]} Ba6 {[%emt 0:00:30]} 15. e4 {[%emt 0:00:42]} dxc4 {[%emt 0:01:44]} 16. Qe2 {[%emt 0:00:47]} b5 {[%emt 0:00:20]} 17. bxc4 {[%emt 0:00:11]} bxc4 {[%emt 0:00:08]} 18. Rac1 {[%emt 0:01:01]} Re8 {[%emt 0:00:42]} 19. Rc2 {[%emt 0:00:29]} Qa5 {[%emt 0:00:10]} 20. Ba1 {[%emt 0:01:04]} h6 {[%emt 0:00:46]} 21. Ne5 {[%emt 0:00:25]} Nxe5 {[%emt 0:02:03]} 22. dxe5 {[%emt 0:00:01]} Nh7 {[%emt 0:00:12]} 23. Rd7 {[%emt 0:01:06]} Nf8 {[%emt 0:00:28]} 24. Rd1 {[%emt 0:00:40]} Ng6 {[%emt 0:00:04]} 25. f4 {[%emt 0:00:07]} Red8 {[%emt 0:00:11]} 26. Rxd8+ {[%emt 0:01:27]} Rxd8 {[%emt 0:00:02]} 27. Bf1 {[%emt 0:00:02]} Rd3 {[%emt 0:01:39]} 28. Nd1 {[%emt 0:00:20]} c3 {[%emt 0:01:50]} 29. Qxd3 {[%emt 0:04:08]} Bxd3 30. Bxd3 {[%emt 0:00:01]} Qb6+ {[%emt 0:00:32]} 31. Rf2 {[%emt 0:00:38]} Bc5 {[%emt 0:00:13]} 32. Bxc3 {[%emt 0:00:05]} Bxf2+ {[%emt 0:00:27]} 33. Nxf2 {[%emt 0:00:01]} Qc5 {[%emt 0:00:01]} 34. Bd2 {[%emt 0:00:25]} Qd4 {[%emt 0:00:02]} 35. Kf1 {[%emt 0:00:16]} c5 {[%emt 0:00:09]} 36. Ke2 {[%emt 0:00:04]} c4 {[%emt 0:00:02]} 37. Bc2 {[%emt 0:00:06]} Qb2 {[%emt 0:00:04]} 38. Kd1 {[%emt 0:00:10]} Ne7 {[%emt 0:00:11]} 39. Ng4 {[%emt 0:00:12]} Nc6 {[%emt 0:00:16]} 40. Ne3 {[%emt 0:00:03]} Nd4 {[%emt 0:00:13]} 41. Bc1 {[%emt 0:00:06]} Qxa2 {[%emt 0:00:07]} 0-1

[Event "RUS-chT Men Rapid 2019"]
[Site "Sochi"]
[Date "2019.10.18"]
[Round "3.10"]
[White "Pridorozhni, Aleksei"]
[Black "Bryakin, Mikhail"]
[Result "1-0"]
[WhiteElo "2599"]
[BlackElo "2440"]
[Annotator "ChessBase"]
[PlyCount "115"]
[EventDate "2019.10.18"]
[EventType "swiss"]
[EventCountry "RUS"]
[SourceTitle "playchess.com"]
[Source "ChessBase"]
[SourceQuality "1"]
[TimeControl "900+10"]

1. e4 {[%emt 0:00:00]} c6 {[%emt 0:00:21]} 2. Nc3 {[%emt 0:00:00]} d5 {[%emt 0:00:05]} 3. Nf3 {[%emt 0:00:00]} Bg4 {[%emt 0:00:09]} 4. h3 {[%emt 0:00:00]} Bxf3 {[%emt 0:00:02]} 5. Qxf3 {[%emt 0:00:00]} e6 {[%emt 0:00:01]} 6. a3 {[%emt 0:00:01]} Nd7 {[%emt 0:00:19]} 7. d3 {[%emt 0:00:03]} Ngf6 {[%emt 0:00:05]} 8. g3 {[%emt 0:00:03]} a5 {[%emt 0:00:06]} 9. Bg2 {[%emt 0:00:03]} Bc5 {[%emt 0:00:04]} 10. O-O {[%emt 0:00:04]} O-O {[%emt 0:00:03]} 11. Qe2 {[%emt 0:00:04]} dxe4 {[%emt 0:00:08]} 12. dxe4 {[%emt 0:00:03]} e5 {[%emt 0:00:09]} 13. Kh2 {[%emt 0:01:08]} Re8 {[%emt 0:00:19]} 14. Bd2 {[%emt 0:02:29]} a4 {[%emt 0:00:26]} 15. Rae1 {[%emt 0:00:11]} Qc7 {[%emt 0:00:10]} 16. f4 {[%emt 0:01:04]} b5 {[%emt 0:00:32]} 17. f5 {[%emt 0:00:14]} h6 {[%emt 0:00:11]} 18. h4 {[%emt 0:00:17]} Nh7 {[%emt 0:00:15]} 19. Nd1 {[%emt 0:00:08]} Bd4 {[%emt 0:01:47]} 20. Bc1 {[%emt 0:00:08]} Rad8 {[%emt 0:01:10]} 21. Nf2 {[%emt 0:00:03]} Qa7 {[%emt 0:01:49]} 22. Nh3 {[%emt 0:00:06]} Rb8 {[%emt 0:01:05]} 23. g4 {[%emt 0:00:08]} f6 {[%emt 0:00:11]} 24. Bf3 {[%emt 0:00:05]} Rf8 {[%emt 0:00:56]} 25. Rd1 {[%emt 0:00:07]} Rbd8 {[%emt 0:00:19]} 26. Bg2 {[%emt 0:00:29]} Bc5 {[%emt 0:00:44]} 27. Rd3 {[%emt 0:00:14]} Be7 {[%emt 0:00:02]} 28. Rg3 {[%emt 0:00:11]} Qd4 {[%emt 0:00:24]} 29. Rd1 {[%emt 0:00:20]} Qa7 {[%emt 0:00:16]} 30. Bf3 {[%emt 0:00:09]} Nb6 {[%emt 0:01:16]} 31. Rdg1 {[%emt 0:00:22]} Nc4 {[%emt 0:00:15]} 32. g5 {[%emt 0:01:00]} fxg5 {[%emt 0:00:22]} 33. hxg5 {[%emt 0:00:02]} Bxg5 {[%emt 0:00:35]} 34. Nxg5 {[%emt 0:00:05]} Nxg5 {[%emt 0:00:15]} 35. Bh5 {[%emt 0:00:14]} Rd4 {[%emt 0:00:59]} 36. Rxg5 {[%emt 0:00:44]} hxg5 {[%emt 0:00:09]} 37. Bg6 {[%emt 0:00:03]} Rfd8 {[%emt 0:01:53]} 38. Qh5 {[%emt 0:01:02]} Rd2+ {[%emt 0:00:01]} 39. Rg2 {[%emt 0:00:53]} Rxg2+ {[%emt 0:00:30]} 40. Kxg2 {[%emt 0:00:01]} Ne3+ {[%emt 0:00:30]} 41. Kf3 {[%emt 0:00:03]} g4+ {[%emt 0:00:39]} 42. Ke2 {[%emt 0:00:02]} Qd4 {[%emt 0:00:47]} 43. Qh7+ {[%emt 0:00:02]} Kf8 {[%emt 0:00:00]} 44. Qh8+ {[%emt 0:00:01]} Ke7 {[%emt 0:00:01]} 45. Qxg7+ {[%emt 0:00:02]} Kd6 {[%emt 0:00:00]} 46. Bxe3 {[%emt 0:00:02]} Qxe4 {[%emt 0:00:23]} 47. f6 {[%emt 0:02:09]} Qf3+ {[%emt 0:00:20]} 48. Kd2 {[%emt 0:00:02]} Rd7 {[%emt 0:00:32]} 49. f7 {[%emt 0:01:34]} Kc7+ {[%emt 0:00:09]} 50. Bd3 {[%emt 0:00:02]} Rxf7 {[%emt 0:00:54]} 51. Qxe5+ {[%emt 0:00:02]} Kb7 {[%emt 0:00:19]} 52. Qd4 {[%emt 0:00:24]} g3 {[%emt 0:00:28]} 53. Be4 {[%emt 0:00:28]} Qf6 {[%emt 0:00:11]} 54. Qb6+ {[%emt 0:00:34]} Kc8 {[%emt 0:00:01]} 55. Bxc6 {[%emt 0:00:08]} Qd6+ {[%emt 0:00:19]} 56. Ke2 {[%emt 0:00:03]} Rf6 {[%emt 0:00:12]} 57. Qb7+ {[%emt 0:00:04]} Kd8 {[%emt 0:00:01]} 58. Bb6+ {[%emt 0:00:01]} 1-0